|
|
|
|
| LEADER |
00901nam a22002297a 4500 |
| 001 |
AAL7528 |
| 003 |
BD-DhAAL |
| 005 |
20160316125002.0 |
| 008 |
160316m20021994bg ||||| |||| 00| 0 ben d |
| 020 |
|
|
|a 9844582881
|
| 040 |
|
|
|a BD-DhAAL
|c BD-DhAAL
|
| 082 |
|
|
|2 22
|a 891.444
|
| 100 |
|
|
|a মামুদ, হায়াৎ
|9 18574
|
| 245 |
|
|
|a বাঙালি বলিয়া লজ্জা নাই /
|c হায়াৎ মামুদ
|
| 260 |
|
|
|a ঢাকা :
|b সময় প্রকাশন,
|c ২০০২
|
| 300 |
|
|
|a ৭৮ পৃ. ;
|c ২২ সে.মি.
|
| 541 |
|
|
|e 7528
|
| 650 |
|
|
|a বাংলা প্রবন্ধ
|9 18575
|
| 852 |
|
|
|a Savar Campus Library
|c General Shelf
|
| 942 |
|
|
|2 ddc
|c BK
|
| 999 |
|
|
|c 37135
|d 37135
|
| 952 |
|
|
|0 0
|1 0
|2 ddc
|4 0
|6 891_444000000000000_MAM
|7 0
|9 58402
|a SCL
|b SCL
|c GEN
|d 2016-03-16
|g 60.00
|l 0
|o 891.444 MAM
|p 3020007528
|r 2016-03-16
|t 1
|w 2016-03-16
|y BK
|